000 00906nam a2200241 i 4500
001 113989
003 ES-MaACL
005 20250910213838.0
007 t|
008 061121s1971 sp r ||||1| spa d
100 1 _aPalmer, Alan Warwick.
_988628
245 1 0 _aDiccionario de historia moderna /
_cA. W. Palmer ; traducción de Ana M. Mayench ; revisión y adaptación de Vicente Martínez Santos ; prólogo de Juan Reglá.
260 _aBarcelona :
_bLabor,
_c1971.
300 _a279 p. ;
_c20 cm.
490 1 _aDiccionarios de la nueva colección labor
650 4 _aHistoria contemporánea-
_vDiccionarios.
_9165951
700 1 _aMayench, Ana M.
_979339
700 1 _aMartínez Santos, Vicente.
_978412
700 1 _aReglá, Juan,
_d1917-1973
_995897
830 0 0 _aDiccionarios de la nueva Colección Labor
_9182671
852 _aES-MaACL
_jL-5519
_bR.78579
999 _c113989
_d113989